Guess guitarist by picture #2 - Statystyki

Ogólne statystyki
  • Ten quiz został rozwiązany 11 razy
  • Średni wynik to 7 z 16
Statystyki odpowiedzi
Obrazkowy Odpowiedź % Poprawnych
Angus Young
100%
Kurt Cobain
100%
Slash
100%
Eric Clapton
75%
Kirk Hammett
75%
Adrian Smith
25%
B.B. King
25%
Jimmy Page
25%
Joe Satriani
25%
Mark Knopfler
25%
Mick Mars
25%
Pete Townshend
25%
Stevie Ray Vaughan
25%
Ted Nugent
25%
Tony Iommi
25%
Yngvie Malmsteen
25%
Nie znaleziono quizów pasujących do podanych kryteriów
Rozkład punktacji
Procent ludzi z każdym wynikiem
Percentyl według liczby udzielonych odpowiedzi
Twoja historia wyników
Nie rozwiązałeś tego quizu